000 00768nam a2200229Ia 4500
003 GCL
005 20240530103609.0
008 140319s9999 xx 000 0 ara d
040 _aGCL /
_cGCL
082 0 4 _a811.5
_bع ح
100 1 _aعمر فروخ
245 1 0 _aحكيم المعرى احمد بن عبدالله بن سليمان المعرى /
_cعمر فروخ
490 _aسلسلة الكشاف الاردنية
_v0
650 0 4 _aالشعر العربى
650 0 4 _aالدولة العباسية الثانية
650 0 4 _aالشعر العاطفى
650 0 4 _aالشعر العربى - تاريخ ونقد
650 0 4 _aالفلاسفة
650 0 4 _aالفلاسفة العرب
650 0 4 _aالشعر الفلسفى
942 _2ddc
_cBK
999 _c41008
_d41008